Comuni del Veneto con la C - Statistics

Statistiche generali
  • Questo quiz è stato fatto 92 volte
  • Il punteggio medio è 32 su 101
Statistiche sulle risposte
Comune % Corretto
Chioggia
80%
Conegliano
77%
Campodarsego
73%
Camposampiero
73%
Caorle
73%
Castelfranco Veneto
73%
Cortina d'Ampezzo
70%
Cittadella
67%
Caldogno
63%
Cerea
63%
Calalzo di Cadore
60%
Camponogara
60%
Casale sul Sile
60%
Ceggia
60%
Concordia Sagittaria
60%
Cordignano
60%
Crocetta del Montello
60%
Cavallino-Treporti
57%
Cencenighe Agordino
57%
Cessalto
57%
Chiampo
57%
Cinto Caomaggiore
57%
Cadoneghe
53%
Camisano Vicentino
53%
Cavarzere
53%
Cison di Valmarino
53%
Codognè
53%
Colle Santa Lucia
53%
Cornuda
53%
Cibiana di Cadore
50%
Campagna Lupia
47%
Chies d'Alpago
47%
Comelico Superiore
47%
Casier
43%
Cesiomaggiore
43%
Cologna Veneta
43%
Canale d'Agordo
40%
Carmignano di Brenta
40%
Cerro Veronese
37%
Campolongo Maggiore
33%
Cimadolmo
33%
Caldiero
30%
Colle Umberto
30%
Cona
27%
Cappella Maggiore
23%
Caprino Veronese
23%
Carbonera
23%
Cassola
23%
Castello di Godego
23%
Castelnuovo del Garda
23%
Cornedo Vicentino
23%
Caerano di San Marco
20%
Cazzano di Tramigna
20%
Chiarano
20%
Calvene
17%
Campodoro
17%
Canaro
17%
Canda
17%
Cartigliano
17%
Casale di Scodosia
17%
Casaleone
17%
Castagnaro
17%
Cavaion Veronese
17%
Cogollo del Cengio
17%
Colognola ai Colli
17%
Conselve
17%
Costabissara
17%
Costa di Rovigo
17%
Costermano sul Garda
17%
Caltrano
13%
Campo San Martino
13%
Carceri
13%
Carrè
13%
Cartura
13%
Castelmassa
13%
Castelnovo Bariano
13%
Cervarese Santa Croce
13%
Chiuppano
13%
Cinto Euganeo
13%
Colceresa
13%
Concamarise
13%
Calto
10%
Campiglia dei Berici
10%
Casalserugo
10%
Castel d'Azzano
10%
Castelgomberto
10%
Ceneselli
10%
Ceregnano
10%
Codevigo
10%
Corbola
10%
Crespadoro
10%
Candiana
7%
Castegnero
7%
Cavaso del Tomba
7%
Creazzo
7%
Crespino
7%
Castelbaldo
3%
Castelcucco
3%
Castelguglielmo
3%
Correzzola
3%
Curtarolo
0%
Nessun quiz corrispondente trovato
Distribuzione punteggi
Percentuale di utenti per punteggio
Percentile per numero di risposta
I tuoi punteggi nel tempo
Non hai fatto questo quiz